| 000 | 01388cam a2200385 4500 | ||
|---|---|---|---|
| 001 | WS118839 | ||
| 008 | 020715n 000 0 eng u | ||
| 035 | _a(Sirsi) u118839 | ||
| 110 |
_aRadiocommunications Agency _94284 |
||
| 245 | _aRadiocommunications Agency | ||
| 520 | _aWeb site for this executive agency of the DTI responsible for the management of the non-military radio spectrum in the UK. Includes detailed topic pages covering all aspects of the industry, details of legislation and the mobile phones base station audit. | ||
| 650 | _aGOVERNMENT | ||
| 650 | _aRADIO SPECTRUM | ||
| 650 | _aBROADBAND | ||
| 650 | _aBROADCASTING | ||
| 650 | _aEU DIRECTIVES | ||
| 650 | _aINTERFERANCE | ||
| 650 | _aLEGISLATION | ||
| 650 | _aMOBILE PHONES | ||
| 650 | _aMOBILE PHONE BASE STATIONS | ||
| 650 | _aPAGING | ||
| 650 | _aRADIOCOMMUNICATIONS | ||
| 650 | _aSATELLITE COMMUNICATIONS | ||
| 650 | _aWIRELESS TELEGRAPH ACT 1949 | ||
| 650 | _aWIRELESS TELEGRAPH ACT 1967 | ||
| 650 | _aTELECOMMUNICATIONS ACT 1984 | ||
| 650 | _aBROADCASTING ACT 1990 | ||
| 650 | _aWIRELESS TECHNOLOGY ACT 1998 | ||
| 650 | _aINTERCEPTION OF COMMUNICATIONS ACT 1985 | ||
| 650 | _aLICENSING | ||
| 650 | _aTELECOMMUNICATIONS | ||
| 690 | _aTRANSPORT AND COMMUNICATIONS | ||
| 856 | 4 | 0 |
_uhttps://www.radio.gov.uk _zView the website free of charge at www.radio.gov.uk... |
| 942 | _n0 | ||
| 999 |
_c120104 _d120104 |
||